000 00566nam a2200169Ia 4500
008 220216s9999 xx 000 0 und d
100 _aIsmail H
245 4 _aThe Effects of filler loading and a silane coupling agent on the dynamic properties and swelling behaviour of bamboo filled natural rubber compounds
260 _bJournal of Elastomers and Plastics
_c2003
300 _a149-159
650 _aBamboo fibre
650 _aDynamic properties
650 _aNatural rubber
650 _aSilane coupling agent
650 _aSwelling behaviour
942 _cJS
999 _c70660
_d70660